Multiple-Choice-Stadtquiz Jena - Statistiken

Allgemein
  • Dieses Quiz wurde 85 mal gespielt
    35 seit der letzten Aktualisierung
  • Das Durchschnittsergebnis liegt bei 7 aus 10
Antwortstatistiken
Frage Antwort % Korrekt
In welchem Bundesland liegt Jena? Thüringen
100%
Wie heißt der Fußballverein aus Jena? FC Carl Zeiss
96%
An welchem Fluss liegt Jena? Saale
96%
Welches Planetarium gibt es in Jena? Zeiss-Planetarium
96%
Welche der folgenden Partnerstädte von Jena liegt in Rumänien? Lugoj
81%
Gegen wen kämpfte Preußen in der Schlacht bei Jena? Französisches Reich
78%
In welchem Jahr fand diese Schlacht statt? 1806
70%
Welches der angegebenen Wappen stellt das Wappen von Jena dar?
63%
Wie viele Bahnhöfe gibt es in dieser Stadt? 5
26%
Wer lebte früher in Jena? Klten
19%
Keine übereinstimmenden Quizze gefunden
Verteilung der Resultate
Anzahl Personen mit jedem Resultat
Perzentil nach korrekt beantworteten Fragen
Ihre Resultats-Entwicklung
Sie haben dieses Quiz seit der letzten Aktualisierung nicht gespielt